Craig Davids Seven Days - Statistics

General Stats
  • This quiz has been taken 51 times
  • The average score is 5 of 7
Answer Stats
Hint Answer % Correct
Tuesday Took her for a drink
93%
Wednesday Made love
88%
Thursday Made love
88%
Friday Made love
88%
Saturday Made love
88%
Sunday Chilled
79%
Monday Met a girl/asked girl on date
23%
No matching quizzes found
Score Distribution
Percent of People with Each Score
Percentile by Number Answered
Your Score History
You have not taken this quiz